| 000 | 00414pam a2200169 a 4500 | ||
|---|---|---|---|
| 020 |
_a0-14-028749-3 _c |
||
| 041 | _h | ||
| 082 | _a641.5 | ||
| 100 |
_aJASLEEN DHAMIJA _eAuthor |
||
| 245 |
_aTHE JOY OF VEGETARIN COOKING _cJASLEEN DHAMIJA _hTextual Documents |
||
| 250 | _a1st | ||
| 260 |
_aNew Delhi _bPENGUIN Books Ltd |
||
| 300 | _a401 | ||
| 653 | _afood production | ||
| 700 | _eCo-Author | ||
| 930 | _a5034 | ||
| 999 |
_c232431 _d232431 |
||